|
|
|
|
| LEADER |
00000nmm0a2200000 4500 |
| 001 |
12614 |
| 005 |
20231030184459.0 |
| 010 |
|
|
|a 0132802805
|
| 035 |
|
|
|a (RuTPU)RU\TPU\book\12693
|
| 035 |
|
|
|a BOOK00012759
|
| 090 |
|
|
|a 12614
|
| 100 |
|
|
|a 20011209d1998 m y0engy50 ba
|
| 101 |
0 |
|
|a eng
|
| 102 |
|
|
|a GB
|
| 105 |
|
|
|a y j 000zy
|
| 200 |
1 |
|
|a General Engineering
|f C. M. Johnson, D. Johnson
|
| 210 |
|
|
|a New York
|c Language Teaching Publications
|d 1998
|
| 215 |
|
|
|a 154 p.
|e Приложение: 2 кассеты.
|
| 225 |
1 |
|
|a English for Academic Purposes series
|
| 610 |
1 |
|
|a английский язык
|
| 610 |
1 |
|
|a учебные пособия
|
| 610 |
1 |
|
|a техника
|
| 610 |
1 |
|
|a кассеты
|
| 675 |
|
|
|a 62(075.8)
|v 3
|
| 686 |
|
|
|a Ш143.21-923.8
|v LBC/SL-A
|2 rubbk
|
| 700 |
|
1 |
|a Johnson
|b C. M.
|
| 701 |
|
1 |
|a Johnson
|b D.
|
| 801 |
|
0 |
|a RU
|b 63413507
|c 20011209
|g PSBO
|
| 801 |
|
2 |
|a RU
|b 63413507
|c 20230405
|g PSBO
|
| 942 |
|
|
|c MX
|